| 000 | 00492cam a2200193 i 4500 | ||
|---|---|---|---|
| 020 | _a2704002932 : | ||
| 040 | _cDLC | ||
| 082 | 0 | 0 | _a574 DOI 1987 A023 Or. |
| 100 | 1 | _aAudigié, Cl. | |
| 245 | 1 | 0 | _aManipulations d'analyse biochimique / |
| 260 |
_aParis : _bDoin, _c1978. |
||
| 300 |
_ax, 274 p. : _bill. ; _c24 cm. |
||
| 490 | 0 | _aBiologie appliquée | |
| 650 | 0 | _aBiochemistry | |
| 650 | 0 | _aChemistry, Analytic. | |
| 700 | 1 | _aFigarella, Jean, | |
| 700 | 1 | _aZonszain, F., | |
| 942 | _cFB | ||
| 999 |
_c16364 _d16364 |
||